[Event "Chigorin Mem Classic Open"]
[Site "St Petersburg RUS"]
[Date "2010.11.03"]
[Round "7"]
[White "Demianjuk,A"]
[Black "Pen,P"]
[Result "1-0"]
[WhiteElo "2328"]
[BlackElo "2047"]

1.d4 Nf6 2.c4 g6 3.Nc3 Bg7 4.e4 d6 5.Nf3 O-O 6.Be2 e5 7.O-O Nc6 8.d5 Ne7
9.Ne1 Nd7 10.Be3 f5 11.f3 f4 12.Bf2 g5 13.Rc1 Ng6 14.c5 Nxc5 15.b4 Na6 16.Nb5 h5
17.Nxa7 Bd7 18.a4 Rf7 19.Nb5 Bf8 20.Kh1 Rg7 21.Rg1 Nh8 22.g3 Nf7 23.Nd3 fxg3
24.Rxg3 Nh8 25.Be3 Be7 26.Nf2 Ng6 27.Rc4 Bf6 28.Qc1 Nf4 29.Bxf4 exf4 30.Rg1 Bxb5
31.axb5 Nb8 32.Qc2 Ra1 33.Rxa1 Bxa1 34.b6 c6 35.dxc6 bxc6 36.Qa2 Be5 37.Rxc6+ Kh8
38.Rc7 Nd7 39.Qe6 Kh7 40.Nd3 Nxb6 41.Qf5+ Kh8 42.Rc6 Bd4 43.e5 Qa8 44.b5 g4
45.Qxh5+ Kg8 46.Rc1 dxe5 47.Bd1 Nc4 48.b6 Bxb6 49.Nxe5 g3 50.Ng4 g2+ 51.Kxg2 Ne3+
52.Kh3 Nxg4 53.Bb3+  1-0

[Event "TCh-CHN"]
[Site "Beijing CHN"]
[Date "2010.11.04"]
[Round "18"]
[White "Guo Qi"]
[Black "Zhang Xiaowen"]
[Result "1-0"]
[WhiteElo "2143"]
[BlackElo "2437"]

1.d4 Nf6 2.c4 g6 3.Nc3 Bg7 4.e4 d6 5.Nf3 O-O 6.Be2 e5 7.O-O Nc6 8.d5 Ne7
9.b4 Nh5 10.g3 a5 11.c5 axb4 12.cxd6 cxd6 13.Nb5 Nf6 14.Nd2 Bh6 15.Qc2 Bh3
16.Re1 Nc8 17.Nc4 Bxc1 18.Rexc1 Qd7 19.Ne3 Ra5 20.Qc4 b3 21.axb3 Rxa1 22.Rxa1 Ne8
23.Qb4 f5 24.exf5 gxf5 25.Qh4 f4 26.Ng4 Bxg4 27.Qxg4+ Qxg4 28.Bxg4 Nf6 29.Be6+ Kg7
30.Rc1 Nb6 31.Rc7+ Kg6 32.Rxb7 Nbxd5 33.Nxd6 f3 34.Bf7+ Kh6 35.Bxd5 Nxd5
36.Nf7+  1-0

[Event "VII Open"]
[Site "Figueira da Foz POR"]
[Date "2010.11.04"]
[Round "6.6"]
[White "Padeiro,J"]
[Black "Stets,D"]
[Result "0-1"]
[WhiteElo "2259"]
[BlackElo "2454"]

1.d4 Nf6 2.c4 g6 3.Nc3 Bg7 4.e4 d6 5.Nf3 O-O 6.Be2 e5 7.O-O Nc6 8.d5 Ne7
9.b4 Nh5 10.Re1 f5 11.Ng5 Nf6 12.Bf3 Kh8 13.Bb2 Ne8 14.Ne6 Bxe6 15.dxe6 Qc8
16.Qe2 Qxe6 17.exf5 gxf5 18.Bxb7 Rb8 19.Bd5 Qg6 20.b5 Nf6 21.g3 Nexd5 22.Nxd5 Rf7
23.a4 f4 24.Nxf6 Rxf6 25.Ra3 Rbf8 26.Rf3 Qh5 27.gxf4 Rh6 28.h3 Rxf4 29.Rg3 Qxe2
30.Rxe2 Rxc4 31.Ra3 Rhh4 32.a5 Kg8 33.Ree3 Rb4 34.Rab3 Rxb3 35.Rxb3 Rc4 36.Kg2 Kf7
37.b6 cxb6 38.axb6 axb6 39.Rxb6 Bf8 40.Ba3 Rd4 41.Rb7+ Be7 42.Bc1 Ke6 43.Be3 Ra4
44.Rb6 h5 45.Kf3 Rc4 46.Ra6 Rc3 47.Ke2 Rb3 48.Kf3 Kf5 49.Ra7 Bf6 50.Ra5 Rb1
51.Bh6 Rg1 52.Be3 Rg7 53.Ke2 h4 54.Rb5 Ke6 55.Rb6 Rd7 56.f3 Kf5 57.Rb8 d5
58.Bf2 d4 59.Rf8 Ke6 60.Kd3 Rb7 61.f4 Be7 62.Rh8 Kd5 63.Rh5 Rb3+ 64.Kc2 Kc4
65.fxe5 d3+ 66.Kd1 Rb1+ 67.Kd2 Bb4+ 68.Ke3 Bc5+  0-1

[Event "Chigorin Mem Classic Open"]
[Site "St Petersburg RUS"]
[Date "2010.11.04"]
[Round "8"]
[White "Agaragimov,D"]
[Black "Kobzar,A"]
[Result "1/2-1/2"]
[WhiteElo "2333"]
[BlackElo "2184"]

1.d4 Nf6 2.Nf3 g6 3.c4 Bg7 4.Nc3 O-O 5.e4 d6 6.Be2 e5 7.O-O Nc6 8.d5 Ne7
9.Ne1 Ne8 10.Nd3 f5 11.Bd2 Nf6 12.f3 f4 13.c5 g5 14.cxd6 cxd6 15.Nf2 h5 16.h3 Kh8
17.Qc2 Neg8 18.Nb5 Rf7 19.Rac1 Ne8 20.a4 Nh6 21.a5 Bf8 22.Qb3 Rg7 23.Rc3 g4
24.fxg4 hxg4 25.hxg4 Bxg4 26.Nxg4 Nxg4 27.Rh3+ Kg8 28.Bxg4 Rxg4 29.Qf3 Nf6
30.Be1 Qd7 31.Nc3 Rg6 32.Rh4 Rc8 33.Bf2 Be7 34.Kh1 Bd8 35.Ra1 Ng4 36.Rh3 b6
37.axb6 Nxf2+ 38.Qxf2 Bxb6 39.Qe2 Qg7 40.Rf1 Kf7 41.Qh5 Rg8 42.Rh2 Ke7 43.Qh3 Qf6
44.Ne2 Rxg2 45.Rxg2 Rh8 46.Qxh8 Qxh8+ 47.Rh2 Qg8 48.Rh3 Qg4 49.Rh7+ Kf6 50.Rh6+ Kg5
51.Rh2 f3 52.Ng1 Qxe4 53.Nxf3+ Kf6 54.Rg2 Qxd5 55.Kh2 Be3 56.Kh3 Bf4 57.Nh4 Qd3+
58.Rf3 Qd1 59.Ra3 a6 60.Rg6+ Kf7 61.Rc3 Qh1+ 62.Kg4 Qg1+ 63.Kf5 Qb1+ 64.Kg4  1/2-1/2

[Event "Chigorin Mem Classic Open"]
[Site "St Petersburg RUS"]
[Date "2010.11.04"]
[Round "8"]
[White "Jumabayev,R"]
[Black "Savchenko,B"]
[Result "0-1"]
[WhiteElo "2547"]
[BlackElo "2627"]

1.d4 g6 2.c4 Nf6 3.Nc3 Bg7 4.e4 O-O 5.Nf3 d6 6.Be2 e5 7.O-O Nc6 8.d5 Ne7
9.Ne1 Ne8 10.Nd3 f5 11.Bd2 fxe4 12.Nxe4 Nf6 13.Bf3 Bf5 14.Re1 c6 15.dxc6 bxc6
16.Nxf6+ Bxf6 17.Bc3 Qc7 18.Nb4 Kg7 19.g4 a5 20.Nd3 Bxd3 21.Qxd3 h6 22.h4 Rad8
23.g5 hxg5 24.hxg5 Bxg5 25.c5 Bf4 26.cxd6 Rxd6 27.Qc4 Nd5 28.Bxd5 Rxd5 29.Rad1 Qd7
30.Rxd5 cxd5 31.Rxe5 Qg4+ 32.Kf1 Qh3+ 33.Ke1 Qh1+ 34.Ke2 Qf3+ 35.Kxf3 Bxe5+
36.Ke3 dxc4 37.Bxe5+ Kf7 38.a4 Ke6 39.Bc3 Kd5 40.f3 Re8+ 41.Kf2 Kc5 42.Bxa5 Ra8
43.Bc3 Rxa4 44.Ke3 Kd5 45.Kf4 Ra7 46.Ke3 Re7+ 47.Kf4 Re2 48.Kg5 Rg2+ 49.Kf4 g5+
50.Ke3 Kc5  0-1

[Event "VII Open"]
[Site "Figueira da Foz POR"]
[Date "2010.11.05"]
[Round "7.18"]
[White "Ivana Maria,F"]
[Black "Esteves,Goncalo"]
[Result "1-0"]
[WhiteElo "1924"]
[BlackElo "1976"]

1.d4 Nf6 2.Nf3 g6 3.c4 Bg7 4.Nc3 O-O 5.e4 d6 6.Be2 e5 7.O-O Nc6 8.d5 Ne7
9.b4 c6 10.dxc6 Nxc6 11.Rb1 a5 12.b5 Nd4 13.Nxd4 exd4 14.Qxd4 Nxe4 15.Qxe4 Bxc3
16.Qf3 Qf6 17.Ba3 Qxf3 18.Bxf3 Bf5 19.Rbd1 Bb4 20.Bxb4 axb4 21.Rd2 Ra7 22.Bd1 d5
23.cxd5 Rd8 24.Be2 Rd6 25.Rc1 Be4 26.Rd4 Bf5 27.Rd2 Be4 28.Bc4 Ra3 29.Bb3 Ra5
30.Rd4 Bf5 31.Rxb4 Bd7 32.a4 b6 33.h3 Ra8 34.Re4 Kf8 35.Rc7 Rc8 36.Rxc8+ Bxc8
37.Rc4 Bd7 38.Rc7 Ke7 39.f3 Kd8 40.Rc1 Ke7 41.Kf2 Rf6 42.Rc7 Kd8 43.Ra7 Rd6
44.Bc4 h6 45.Ke3  1-0

[Event "Chigorin Mem Classic Open"]
[Site "St Petersburg RUS"]
[Date "2010.11.05"]
[Round "9"]
[White "Yakimenko,Alex"]
[Black "Pen,P"]
[Result "0-1"]
[WhiteElo "2211"]
[BlackElo "2047"]

1.d4 Nf6 2.c4 g6 3.Nc3 d6 4.e4 Bg7 5.Nf3 O-O 6.Be2 e5 7.O-O Nc6 8.d5 Ne7
9.Ne1 Nd7 10.Nd3 f5 11.f3 f4 12.Bd2 h5 13.b4 g5 14.c5 Nf6 15.Nf2 Rf7 16.Rc1 Ng6
17.h3 Bf8 18.cxd6 Bxd6 19.Nb5 Rh7 20.Nxd6 cxd6 21.Qa4 g4 22.fxg4 hxg4 23.hxg4 Bd7
24.Qa5 b6 25.Qa3 Ne8 26.Rc3 Kg7 27.b5 Qe7 28.Rfc1 Qg5 29.Qa6 Nf6 30.Rc7 Rah8
31.R1c3 Nf8 32.Qxa7 Kg8 33.Rh3 Rxh3 34.gxh3 Qh4 35.Rc3 Rh7 36.Qxb6 Rg7 37.Qxd6 Qxf2+
38.Kxf2 Nxe4+ 39.Kg1 Nxd6 40.Rb3 Ng6 41.b6 Bc8 42.Bb4 Nf7 43.a4 e4 44.a5 Nd8
45.a6 f3 46.Bf1 Nf4 47.Bd6 Ne2+ 48.Kf2 Bxa6 49.Bc7 Nb7 50.Ra3 Nc5 51.d6 Rf7
52.Ke3 f2 53.Rxa6 Nxa6 54.Bxe2 Nc5 55.Bf1 Kh7 56.Kd4 Nb3+ 57.Ke5 Nd2 58.Be2 e3
59.b7 f1=Q 60.Bxf1 Rxf1 61.b8=Q e2 62.Kd5 e1=Q  0-1

[Event "1st Open"]
[Site "Brno CZE"]
[Date "2010.11.15"]
[Round "2"]
[White "Yakimenko,Alex"]
[Black "Kolasin,J"]
[Result "1-0"]
[WhiteElo "2194"]
[BlackElo "1975"]

1.d4 Nf6 2.c4 g6 3.Nc3 Bg7 4.e4 d6 5.Be2 O-O 6.Nf3 e5 7.O-O Nc6 8.d5 Ne7
9.Ne1 Nd7 10.Nd3 f5 11.f3 f4 12.Bd2 g5 13.b4 h5 14.c5 Nf6 15.h3 Qe8 16.Rc1 g4
17.fxg4 hxg4 18.hxg4 Qg6 19.Nf2 Ne8 20.Nb5 Bf6 21.Nxc7 Nxc7 22.cxd6 Nexd5
23.exd5 Ne8 24.Rxc8 Rxc8 25.d7 Rc7 26.dxe8=Q Rxe8 27.g5 Qxg5 28.Ne4 Qh6 29.Bd3 Rg7
30.Qh5  1-0

[Event "1st Open"]
[Site "Brno CZE"]
[Date "2010.11.16"]
[Round "4"]
[White "Yakimenko,Alex"]
[Black "Semenova,Ir"]
[Result "0-1"]
[WhiteElo "2194"]
[BlackElo "2243"]

1.d4 Nf6 2.c4 g6 3.Nc3 Bg7 4.e4 d6 5.Be2 O-O 6.Nf3 e5 7.O-O Nc6 8.d5 Ne7
9.Ne1 Ne8 10.Nd3 f5 11.f3 f4 12.Bd2 g5 13.c5 h5 14.Rc1 Kh8 15.h3 Ng8 16.cxd6 cxd6
17.Qb3 Nh6 18.Nf2 Rg8 19.Nb5 Bf8 20.Rc2 g4 21.fxg4 hxg4 22.hxg4 Bxg4 23.Bxg4 Nxg4
24.Qh3+ Nh6 25.Rc3 a6 26.Na3 Qg5 27.Rfc1 Qg6 28.Rc8 Rxc8 29.Rxc8 Nf6 30.Nc4 b5
31.Nb6 Nh7 32.Nd7 Ng5 33.Qd3 Be7 34.Rxg8+ Kxg8 35.Qc2 Nf3+ 36.Kf1 Nh4 37.Be1 Qxg2+
38.Ke2 Qf3+ 39.Kd2 Qe3+ 40.Kd1 Qa7 41.Qc6 Qd4+ 42.Kc2 Nf3 43.Nd3 Qxe4 44.Bc3 Qe2+  0-1

[Event "ch-ISR"]
[Site "Haifa ISR"]
[Date "2010.11.18"]
[Round "9.11"]
[White "Porat,Ma"]
[Black "Rinberg,A"]
[Result "0-1"]
[WhiteElo "2257"]
[BlackElo "2302"]

1.Nf3 Nf6 2.c4 g6 3.d4 Bg7 4.Nc3 O-O 5.e4 d6 6.Be2 e5 7.O-O Nc6 8.d5 Ne7
9.b4 a5 10.Ba3 axb4 11.Bxb4 Nd7 12.a4 Bh6 13.Nd2 f5 14.Nb3 Nf6 15.Bf3 fxe4
16.Nxe4 Nxe4 17.Bxe4 Rf4 18.Qd3 Bf5 19.Bxf5 Nxf5 20.Bd2 Rh4 21.Bxh6 Rxh6
22.Rfe1 Qg5 23.Ra2 Rf8 24.Nd2 Nd4 25.Qe3 Qh5 26.h3 g5 27.Ne4 Nf3+ 28.gxf3 Rxf3
29.Ra3 Rxe3 30.Raxe3 Qe8 31.Rg3 Qxa4 32.Rg4 Rg6 33.c5 Qb3 34.cxd6 cxd6 35.Kh2 Kg7
36.Rc1 h5 37.Rg3 Qxd5 38.Nxg5 Kh6 39.h4 Qd4 40.Kh3 Qxf2 41.Rc7 Qf5+ 42.Kh2 Rg7
43.Rcc3 e4 44.Ra3 Rc7 45.Rg2 Qf4+ 46.Rag3 Qxh4+ 47.Nh3 Qf6 48.Nf2 Rc3 49.Nxe4 Qh4+
50.Kg1 Rc1+  0-1

[Event "1st Open"]
[Site "Brno CZE"]
[Date "2010.11.19"]
[Round "8"]
[White "Yakimenko,Alex"]
[Black "Hantak,A"]
[Result "1-0"]
[WhiteElo "2194"]
[BlackElo "2200"]

1.d4 Nf6 2.c4 g6 3.Nc3 Bg7 4.e4 d6 5.Nf3 O-O 6.Be2 e5 7.O-O Nc6 8.d5 Ne7
9.Ne1 Nd7 10.Nd3 f5 11.f3 Nf6 12.Bg5 h6 13.Bd2 g5 14.Rc1 Ng6 15.c5 Nf4 16.Nxf4 exf4
17.cxd6 cxd6 18.Qb3 Nd7 19.Kh1 a6 20.Qa3 Be5 21.Bd3 Nc5 22.Bb1 fxe4 23.Nxe4 Nxe4
24.Bxe4 g4 25.fxg4 Bxg4 26.Bc3 Bf5 27.Bxe5 dxe5 28.Bxf5 Rxf5 29.d6 Qf6 30.Qb4 Rd8
31.Qxb7 Rg5 32.Rfd1 Rg7 33.d7 Kh7 34.Qe4+ Qg6 35.Qxg6+ Kxg6 36.Rc6+ Kf5 37.Rcd6 h5
38.Kg1 f3 39.g3 h4 40.Kf2 hxg3+ 41.hxg3 Kg4 42.R1d5 Rh7 43.Rg6+ Kf5 44.Rxa6 Rhxd7
45.Rxd7 Rxd7 46.Kxf3 Rd3+ 47.Ke2 Rxg3 48.Rb6 Kf4 49.a4 Rg2+ 50.Kd3 e4+ 51.Kc3 e3
52.Re6 Kf3 53.a5 Rg1 54.a6 e2 55.b4 Ra1 56.b5 Ra3+ 57.Kd2 Ra2+ 58.Kd3 Ra3+
59.Kd4 Ra4+ 60.Kd5 Ra3 61.Rf6+ Kg4 62.Re6 Kf3 63.Kd4 Ra4+ 64.Kc5 Ra3 65.Rf6+ Kg4
66.Re6 Kf3 67.Rxe2 Kxe2 68.b6 Rxa6 69.b7 Ra3 70.b8=Q Rc3+ 71.Kd4 Rd3+ 72.Kc4 Rf3
73.Qe5+ Re3 74.Qh5+ Kf2 75.Kd4 Rg3 76.Qh4 Kf3 77.Qf6+ Ke2 78.Qe5+ Kf3 79.Qf5+ Ke2
80.Qf4 Rf3 81.Qh2+ Rf2 82.Qh5+ Kd2 83.Qg4 Re2 84.Qg3 Kc1 85.Kd3 Rd2+ 86.Kc3 Rc2+
87.Kb3 Rb2+ 88.Ka3 Rd2 89.Qe1+ Kc2 90.Kb4 Rd4+ 91.Kc5 Rd3 92.Kc4 Ra3 93.Qe2+ Kb1
94.Kb4 Ra2 95.Qd1+ Kb2 96.Kc4 Ra3 97.Qd2+ Kb1 98.Qb4+ Ka2 99.Qb5 Ka1 100.Kb4 Ra2
101.Qe5+ Kb1 102.Kb3 Rc2 103.Qe4 Ka1 104.Qh1+  1-0

[Event "British Rapidplay"]
[Site "Halifax ENG"]
[Date "2010.11.20"]
[Round "6"]
[White "Summerscale,A"]
[Black "Hebden,M"]
[Result "0-1"]
[WhiteElo "2434"]
[BlackElo "2560"]

1.d4 Nf6 2.c4 g6 3.Nc3 Bg7 4.e4 d6 5.Nf3 O-O 6.Be2 e5 7.O-O Nc6 8.d5 Ne7
9.Ne1 Nd7 10.Be3 f5 11.f3 f4 12.Bf2 g5 13.a4 Ng6 14.a5 Rf7 15.c5 Nxc5 16.Bxc5 dxc5
17.Bc4 Kh8 18.a6 b6 19.d6 Rf8 20.Bd5 Bd7 21.Bxa8 Qxa8 22.dxc7 Qc6 23.Qd5 Rc8
24.Qxc6 Bxc6 25.Nc2 Rxc7 26.Rfd1 Bf8 27.Na3 Kg7 28.Nab5 Rf7 29.Rd8 g4 30.fxg4 c4
31.Nd6 Bxd6 32.Rxd6 Rc7 33.Nd5 Bxd5 34.Rxd5 Kf7 35.Rc1 Ke6 36.Kf2 Ne7 37.Rb5 Nc8
38.Kf3 Nd6 39.Rd5 b5 40.h4 Rc6 41.g5 b4 42.h5 c3 43.bxc3 Rxa6 44.g6 hxg6
45.hxg6 Kf6 46.cxb4 Ra3+ 47.Ke2 Nxe4 48.Rc6+ Kf5 49.g7 Rg3 50.Rc7 Rxg2+ 51.Kd3 Rg3+
52.Kc4 Nf6 53.Rd8 Rg1 54.Rf7 f3 55.Rxf6+ Kxf6 56.g8=Q Rxg8 57.Rxg8 Kf5 58.Kd3 Kf4
59.Rf8+  0-1

[Event "2nd OCF Thanksgiving Open"]
[Site "Stillwater USA"]
[Date "2010.11.20"]
[Round "3.8"]
[White "Temple,J"]
[Black "Nickels,Erik J"]
[Result "1-0"]
[WhiteElo "1895"]
[BlackElo "1721"]

1.d4 Nf6 2.c4 g6 3.Nc3 Bg7 4.e4 d6 5.Nf3 O-O 6.Be2 e5 7.O-O Nc6 8.d5 Ne7
9.Rb1 Nh5 10.b4 f5 11.Re1 h6 12.Bf1 f4 13.c5 g5 14.Nxg5 Qe8 15.cxd6 cxd6
16.Ne6 Rf6 17.Be2 Bxe6 18.dxe6 f3 19.Bxf3 Nf4 20.Bxf4 Rxf4 21.Bh5 Qc6 22.Bf7+ Kh8
23.Nd5 Nxd5 24.exd5 Qb6 25.Qe2 Rc8 26.Rbc1 Rc7 27.Rxc7 Qxc7 28.a3 Rd4 29.Qb5 Qe7
30.g3 Rd2 31.Rc1 Kh7 32.Qe8 Qxe8 33.Bxe8 Bf6 34.Rc7+ Kh8 35.Rxb7 Rxd5 36.Rxa7 Rd1+
37.Kg2 e4 38.Bf7 d5 39.e7 Bxe7 40.Rxe7 Rd2 41.Re5  1-0

[Event "16th Asian Games Team Men"]
[Site "Guangzhou CHN"]
[Date "2010.11.23"]
[Round "6"]
[White "Mahjoob,M"]
[Black "Ahmed,Abdu"]
[Result "1-0"]
[WhiteElo "2514"]
[BlackElo "2309"]

1.d4 Nf6 2.Nf3 g6 3.c4 Bg7 4.Nc3 O-O 5.e4 d6 6.Be2 e5 7.O-O Nc6 8.d5 Ne7
9.b4 a5 10.Ba3 Nd7 11.bxa5 Rxa5 12.Bb4 Ra8 13.a4 Bh6 14.a5 f5 15.Nd2 Nf6
16.c5 Bxd2 17.Qxd2 Nxe4 18.Nxe4 fxe4 19.cxd6 cxd6 20.Bc3 Nf5 21.Ra4 e3 22.fxe3 Qg5
23.e4 Qxd2 24.Bxd2 Nd4 25.Rxf8+ Kxf8 26.Bd1 Bd7 27.Ra2 b6 28.Bb4 Ke7 29.axb6 Rb8
30.Ra6 Nb5 31.Ba4 Bc8 32.Ra5 Nd4 33.Ra7+ Bb7 34.Bc6  1-0

[Event "Podgaets Memorial"]
[Site "Odessa UKR"]
[Date "2010.11.23"]
[Round "4"]
[White "Demidiukov,E"]
[Black "Kozak,L"]
[Result "1-0"]
[WhiteElo "2327"]
[BlackElo "2340"]

1.Nf3 g6 2.c4 Bg7 3.d4 Nf6 4.Nc3 O-O 5.e4 d6 6.Be2 e5 7.O-O Nc6 8.d5 Ne7
9.Nd2 Nd7 10.b4 f5 11.a4 Nf6 12.f3 f4 13.c5 g5 14.Nc4 Ng6 15.Ba3 Rf7 16.a5 Bf8
17.b5 dxc5 18.b6 cxb6 19.axb6 a6 20.Na4 Bd7 21.Nxc5 Bxc5+ 22.Bxc5 Rc8 23.Ba3 Ne8
24.Qb3 Bb5 25.Rfc1 Kh8 26.Qb2 Bxc4 27.Bxc4 Rf6 28.Rab1 h5 29.Kh1 g4 30.Bxa6 bxa6
31.Rxc8 Qxc8 32.b7 Qb8 33.Qc3 Nd6 34.Bxd6 Rxd6 35.Qc8+ Rd8 36.Qxd8+ Qxd8
37.b8=Q Qxb8 38.Rxb8+ Kg7 39.Re8 gxf3 40.gxf3 Nh4 41.d6  1-0

[Event "16th Asian Games Team Men"]
[Site "Guangzhou CHN"]
[Date "2010.11.24"]
[Round "7"]
[White "Mahjoob,M"]
[Black "Ganguly,S"]
[Result "1/2-1/2"]
[WhiteElo "2514"]
[BlackElo "2644"]

1.Nf3 Nf6 2.c4 g6 3.Nc3 Bg7 4.e4 d6 5.d4 O-O 6.Be2 e5 7.O-O Nc6 8.d5 Ne7
9.b4 Nh5 10.Re1 f5 11.Ng5 Nf6 12.Bf3 c6 13.Qb3 Kh8 14.Rd1 h6 15.Ne6 Bxe6
16.dxe6 fxe4 17.Nxe4 Nxe4 18.Bxe4 Nf5 19.Qh3 Kh7 20.b5 Rc8 21.bxc6 bxc6 22.Ba3 Nd4
23.Qg4 Qe8 24.e7 Rf6 25.f4 c5 26.fxe5 dxe5 27.Rf1 Rd6 28.h4 Kh8 29.Rf7 h5
30.Qh3 Ne2+ 31.Kh2 Nf4 32.Qxc8 Qxc8 33.Bxc5 Rf6 34.Rd1  1/2-1/2

[Event "4th South Bohemia Open"]
[Site "Cesky Krumlov CZE"]
[Date "2010.11.25"]
[Round "5"]
[White "Yakimenko,Alex"]
[Black "Semenova,Ir"]
[Result "1/2-1/2"]
[WhiteElo "2194"]
[BlackElo "2243"]

1.d4 Nf6 2.c4 g6 3.Nc3 Bg7 4.e4 d6 5.Nf3 O-O 6.Be2 e5 7.O-O Nc6 8.d5 Ne7
9.Ne1 Ne8 10.Nd3 f5 11.f3 f4 12.c5 h5 13.Bd2 g5 14.Rc1 Kh8 15.h3 Ng8 16.cxd6 cxd6
17.Qb3 Nh6 18.Nf2 Bf6 19.Nb5 g4 20.fxg4 hxg4 21.hxg4 Bh4 22.Qh3 Kg7 23.Qc3 Bxf2+
24.Rxf2 Bxg4 25.Nc7 Nxc7 26.Qxc7+ Rf7 27.Qxd8 Rxd8 28.Bf3 Kf6 29.Bb4 Rg7
30.Kf1 Ke7 31.Rc7+ Rd7 32.Rfc2 Bxf3 33.gxf3 Rg3 34.Ke2 Nf7 35.Be1 Rh3 36.Bf2 b6
37.Rc8 Ng5 38.Rg8 Kf6 39.Rc3 Rh2 40.Kf1 Rdh7 41.Rc6 Nxf3 42.Rxd6+ Kf7 43.Ra8 Nd2+
44.Ke1 Nxe4 45.Rxa7+ Ke8 46.Ra8+ Kf7 47.Ra7+ Ke8 48.Re6+ Kf8 49.Ra8+ Kf7
50.Rxb6 Nf6 51.Ra7+ Kg6 52.Rxh7 Rxh7 53.a4 Kf5 54.a5 Nxd5 55.Rd6 Ke4 56.a6 Rh1+
57.Kd2 Ne3 58.a7 Ra1 59.Rd7 Kf3 60.Bg1 e4 61.Rf7 Nf1+ 62.Kc3 e3 63.Bxe3 Nxe3
64.Kd4 Nc2+ 65.Kc3 Ne3 66.Kd4 Kg3 67.b4 Nc2+ 68.Kc5 Nxb4 69.Kxb4 f3 70.Kb5  1/2-1/2

[Event "XXIII Belgrade Trophy"]
[Site "Obrenovac SRB"]
[Date "2010.11.25"]
[Round "2.52"]
[White "Jovanovic,ST"]
[Black "Okilj,T"]
[Result "1/2-1/2"]
[WhiteElo "2304"]
[BlackElo "1945"]

1.d4 d6 2.Nf3 Nf6 3.c4 g6 4.Nc3 Bg7 5.e4 O-O 6.Be2 e5 7.O-O Nc6 8.Be3 Re8
9.dxe5 Nxe5 10.Nxe5 dxe5 11.Qxd8 Rxd8 12.Nb5 Ne8 13.Nxa7 Be6 14.Nb5 c6 15.Nc3 Nd6
16.b3 f5 17.f3 Nf7 18.Rfd1 Bf8 19.Rxd8 Rxd8 20.Rd1 Ra8 21.Na4 Nd6 22.Bc5 Rd8
23.Nc3 Kf7 24.f4 exf4 25.exf5 Bxf5 26.Rf1 Bg7 27.Rd1 Bf8 28.Bf3 Ne4 29.Bxf8 Rxd1+
30.Nxd1 Kxf8 31.Bxe4 Bxe4 32.Nc3 Bf5 33.Kf2 Ke7 34.b4 Kd6 35.g3 Ke5  1/2-1/2

[Event "National Chess Congress"]
[Site "Philadelphia USA"]
[Date "2010.11.26"]
[Round "1"]
[White "Kacheishvili,G"]
[Black "Kis,L"]
[Result "1-0"]
[WhiteElo "2575"]
[BlackElo "2108"]

1.d4 Nf6 2.c4 g6 3.Nc3 Bg7 4.e4 d6 5.Be2 O-O 6.Nf3 e5 7.O-O Nc6 8.d5 Ne7
9.Ne1 Ne8 10.Be3 f5 11.f3 f4 12.Bf2 h5 13.c5 g5 14.Nd3 Ng6 15.Rc1 Rf7 16.Kh1 Bh6
17.cxd6 cxd6 18.Nb5 a6 19.Na7 Bd7 20.Qb3 b5 21.Nc6 Qf6 22.a4 g4 23.axb5 axb5
24.Ra1 Rc8 25.Ra7 Rg7 26.fxg4 Bxg4 27.Rxg7+ Nxg7 28.Bf3 Kh8 29.Ne1 Rg8 30.Qxb5 Bg5
31.Qe2 Bd7 32.b4 Bh4 33.b5 Qg5 34.b6 Bc8 35.Qb2 Bg3 36.Bd1 Bxf2 37.Rxf2 Bb7
38.Nf3 Qf6 39.Na5 Rb8 40.Rc2  1-0

[Event "TCh-SVK Extraliga 2010-11"]
[Site "Cadca SVK"]
[Date "2010.11.27"]
[Round "1"]
[White "Dydyshko,V"]
[Black "Mrva,Mart"]
[Result "1-0"]
[WhiteElo "2547"]
[BlackElo "2471"]

1.d4 Nf6 2.c4 g6 3.Nc3 Bg7 4.e4 d6 5.Nf3 O-O 6.Be2 e5 7.O-O Nc6 8.d5 Ne7
9.Nd2 Nd7 10.b4 Kh8 11.c5 dxc5 12.bxc5 Nxc5 13.Ba3 b6 14.Bxc5 bxc5 15.Nb3 Rb8
16.Rc1 Bh6 17.Rc2 Bd7 18.Nxc5 Nc8 19.a4 Nd6 20.Nb5 Bxb5 21.axb5 Re8 22.Qa1 Nc8
23.Qc3 Nd6 24.Qa5 Rc8 25.g3 f5 26.Ne6 Qd7 27.Qxa7 fxe4 28.b6 Nf5 29.b7 Qxd5
30.bxc8=Q Rxc8 31.Bc4  1-0

[Event "TCh-SVK Extraliga 2010-11"]
[Site "Bratislava SVK"]
[Date "2010.11.28"]
[Round "2"]
[White "Maslik,M"]
[Black "Markos,J"]
[Result "0-1"]
[WhiteElo "2402"]
[BlackElo "2546"]

1.d4 Nf6 2.c4 g6 3.Nc3 Bg7 4.e4 O-O 5.Nf3 d6 6.Be2 e5 7.O-O Nc6 8.d5 Ne7
9.Ne1 Nd7 10.Nd3 f5 11.Bd2 fxe4 12.Nxe4 Nf5 13.f3 Nf6 14.Ndf2 Bd7 15.Bd3 a5
16.Rc1 b6 17.Bg5 Qe8 18.Nxf6+ Bxf6 19.Bxf6 Rxf6 20.Bxf5 Bxf5 21.Qd2 Qf7 22.Rfe1 Qg7
23.Re2 g5 24.Rce1 h5 25.Nd1 Raf8 26.Rf2 g4 27.f4 exf4 28.Rxf4 Bb1 29.Rxf6 Qxf6
30.Nc3 Bd3 31.g3 Bxc4 32.b3 Bd3 33.Nd1 Bg6 34.Ne3 Qf3 35.Rf1 Qe4 36.Rxf8+ Kxf8
37.Ng2 Kf7 38.Qc3 Qc2 39.Qe3 Qd1+ 40.Kf2 Qxd5  0-1

[Event "XXIII Belgrade Trophy"]
[Site "Obrenovac SRB"]
[Date "2010.11.28"]
[Round "5.30"]
[White "Nenezic,M"]
[Black "Nestorovic,L"]
[Result "1/2-1/2"]
[WhiteElo "2165"]
[BlackElo "2328"]

1.Nf3 g6 2.c4 Bg7 3.e4 d6 4.d4 Nf6 5.Nc3 O-O 6.Be2 e5 7.O-O Nc6 8.d5 Ne7
9.b4 Nd7 10.c5 f5 11.Nd2 Nf6 12.a4 f4 13.Ba3 g5 14.f3 Rf7 15.Nc4 Ng6 16.b5 Bf8
17.b6 axb6 18.cxb6 cxb6 19.Rb1 h5 20.Qb3 Ne8 21.Nxb6 Rb8 22.Rfc1 Nh4 23.Nxc8 Rxc8
24.Nd1 g4 25.Rxc8 Qxc8 26.Rc1 Qd8 27.fxg4 Qg5 28.Qh3 f3 29.gxf3 Qd2 30.Qxh4 Qxe2
31.Qf2 Qd3 32.Qe3 Rxf3 33.Qxd3 Rxd3 34.Nc3 hxg4 35.Nb5 Nf6 36.Bxd6 Nxe4 37.Bxf8 Kxf8
38.Rc8+ Ke7 39.d6+ Nxd6 40.Nxd6 Rxd6 41.Rc7+ Kf6 42.Rxb7 Rd2 43.Rb8 Ra2 44.h3 gxh3
45.Rh8 Rxa4 46.Rxh3 Rf4 47.Kg2 e4 48.Ra3 Kf5 49.Kg3 Rg4+ 50.Kf2 Kf4 51.Ke2 Rg2+
52.Kf1 Rd2 53.Ke1 Rb2 54.Kf1 Ke5 55.Ke1 Rb4 56.Ke2 Kd4 57.Rh3 Ra4 58.Ke1 Ra1+
59.Ke2  1/2-1/2

[Event "60th ch-GRE"]
[Site "Vrahati GRE"]
[Date "2010.11.29"]
[Round "4.5"]
[White "Nikolaidis,I"]
[Black "Kotronias,V"]
[Result "0-1"]
[WhiteElo "2552"]
[BlackElo "2591"]

1.d4 Nf6 2.c4 g6 3.Nc3 Bg7 4.e4 d6 5.Be2 O-O 6.Nf3 e5 7.O-O Nc6 8.d5 Ne7
9.Nh4 h6 10.g3 Nh7 11.f3 c6 12.Be3 Bh3 13.Ng2 f5 14.Qd2 Ng5 15.c5 cxd5 16.Nxd5 dxc5
17.Bxc5 Nxd5 18.Bc4 fxe4 19.Bxd5+ Kh7 20.Bxf8 Bxf8 21.fxe4 Nxe4 22.Rf7+ Bg7
23.Qd3 Qb6+ 24.Ne3 Nd6 25.Rf2 Re8 26.Qb3 e4 27.Qxb6 axb6 28.Rd1 Nf5 29.Nxf5 gxf5
30.Bf7 Re5 31.Rd5 Re7 32.Bh5 Rc7 33.Bd1 Rc1 34.Rc2 Rb1 35.Kf2 Kg6 36.Rd6+ Kg5
37.Rd7 Bf8 38.Rc8 Bc5+ 39.Ke1 Rxb2 40.Rg8+ Kf6 41.Bb3 Bg4 42.Rxg4 fxg4 43.Rf7+ Ke5
44.Rg7 Bb4+ 45.Kf1 e3 46.Bc4 Rf2+ 47.Kg1 Bc5  0-1

[Event "60th ch-GRE"]
[Site "Vrahati GRE"]
[Date "2010.12.02"]
[Round "7"]
[White "Mastrovasilis,A"]
[Black "Kanakaris,G"]
[Result "1/2-1/2"]
[WhiteElo "2556"]
[BlackElo "2285"]

1.d4 Nf6 2.c4 g6 3.Nc3 Bg7 4.e4 d6 5.Nf3 O-O 6.Be2 e5 7.O-O Nc6 8.d5 Ne7
9.b4 Nh5 10.c5 Nf4 11.Bxf4 exf4 12.Rc1 Bg4 13.Nd2 Bd7 14.Nc4 Nc8 15.Na5 b6
16.Nb7 Qe7 17.c6 Be8 18.Re1 Be5 19.Qd3 h5 20.Qh3 Kg7 21.Nb1 Rh8 22.Nd2 g5
23.Qf5 f6 24.Nf3 Bg6 25.Qd7 Be8 26.Qf5 Bg6 27.Qd7 Be8 28.Qxe7+ Nxe7 29.Nxe5 fxe5
30.Rc3 Kf6 31.h3 Bg6 32.Bd1 Rag8 33.f3 Rh7 34.Ra3 Nc8 35.Kf2 Ke7 36.b5 Rhg7  1/2-1/2

[Event "WY U-16 Olympiad"]
[Site "Burdur TUR"]
[Date "2010.12.03"]
[Round "9"]
[White "Tilicheev,V"]
[Black "Nazarov,R"]
[Result "1-0"]
[WhiteElo "2360"]
[BlackElo "2024"]

1.d4 Nf6 2.c4 g6 3.Nc3 Bg7 4.e4 d6 5.Nf3 O-O 6.Be2 e5 7.O-O Nc6 8.d5 Ne7
9.b4 a5 10.Ba3 axb4 11.Bxb4 b6 12.a4 Nh5 13.Re1 f5 14.a5 bxa5 15.Bxa5 Nf4
16.Bf1 fxe4 17.Nd2 Nd3 18.Bxd3 exd3 19.Nde4 Nf5 20.Qxd3 Ba6 21.Ra3 Qd7 22.Rea1 c5
23.Bb6 Qb7 24.Na4 Qc8 25.Bxc5 dxc5 26.Nb6 Bxc4 27.Qxc4 Rxa3 28.Rxa3 Qb7 29.Ra6 Nd4
30.Nxc5 Qf7 31.d6 Qxc4 32.Nxc4 Rd8 33.Na5 Bf8  1-0

[Event "TCh-CZE 2010-11"]
[Site "Czech Rep CZE"]
[Date "2010.12.04"]
[Round "3.4"]
[White "Luch,M"]
[Black "Bernasek,J"]
[Result "1/2-1/2"]
[WhiteElo "2387"]
[BlackElo "2490"]

1.d4 Nf6 2.c4 g6 3.Nc3 Bg7 4.e4 d6 5.Nf3 O-O 6.Be2 e5 7.O-O Nc6 8.d5 Ne7
9.b4 Nh5 10.Re1 f5 11.Ng5 Nf6 12.Bf3 c6 13.b5 h6 14.Ne6 Bxe6 15.dxe6 fxe4
16.Nxe4 Nxe4 17.Bxe4 d5 18.cxd5 cxd5 19.Ba3 dxe4 20.Qxd8 Rfxd8 21.Bxe7 Re8
22.Bc5 Rxe6 23.Be3 Kf7 24.Rac1 Re7 25.Rc4 Rd7 26.Kf1 Ke6 27.Rec1 Kf5 28.Rc7 Ke6
29.Ke2 h5 30.Rc8 Rxc8 31.Rxc8 a6 32.bxa6 bxa6 33.Rc4 Kd5 34.Rc5+ Ke6 35.Rc4 Kd5
36.Rc5+  1/2-1/2

[Event "TCh-HUN 2010-11"]
[Site "Kazincbarcika HUN"]
[Date "2010.12.05"]
[Round "4"]
[White "Hando,V"]
[Black "Pirisi,G"]
[Result "1-0"]
[WhiteElo "2308"]
[BlackElo "2231"]

1.d4 Nf6 2.Nf3 g6 3.c4 Bg7 4.Nc3 O-O 5.e4 d6 6.Be2 e5 7.O-O Nc6 8.d5 Ne7
9.Ne1 Nd7 10.f3 Kh8 11.Nd3 Ng8 12.Be3 f5 13.c5 Ngf6 14.Rc1 Ne8 15.c6 bxc6
16.dxc6 Nb6 17.Nb4 f4 18.Bf2 Bf6 19.a4 Be6 20.a5 Nc8 21.Ba6 Ne7 22.Bb7 Rb8
23.Na6 Nxc6 24.Nxb8 Nxb8 25.Bxa7 Nd7 26.Bf2 Qb8 27.Bd5 Ng7 28.a6 Nb6 29.Qb3 Bd7
30.Ra1 Qa7 31.Bxb6 cxb6 32.Nb5 Bxb5 33.Qxb5 Ne8 34.Rfc1 Bd8 35.Rc8 Nc7 36.Qd7 b5+
37.Kh1 Nxd5 38.Qxa7  1-0